Statistics for All Continents From Richest To Poorest - In Order

Click here to take the quiz!

General Stats

  • This quiz has been taken 73 times
  • The average score is 6 of 6

Answer Stats

USDContinent% Correct
$45.284North America
98%
$38.856Europe
92%
$5.025Africa
91%
$13.725Asia
91%
$40.474Oceania
91%
$17.555South America
89%

Score Distribution

Percentile by Number Answered

Percent of People with Each Score

Your Score History

You have not taken this quiz